| 000 | 00514nam a2200205Ia 4500 | ||
|---|---|---|---|
| 008 | 180620s9999 xx 000 0 und d | ||
| 020 | _a978-0-297-84460-0 | ||
| 050 | _aREF TX 145 | ||
| 050 | _b.M77 2007 | ||
| 245 | 0 | _aMrs Beeton's household book / | |
| 245 | 0 | _cedited by Kay Fairfax. | |
| 260 | _aLondon : | ||
| 260 | _bWeidenfeld & Nicolson, | ||
| 260 | _c2007 | ||
| 300 | _a287 pages : | ||
| 300 | _billustrations ; | ||
| 300 | _c25 cm. | ||
| 500 | _aIncludes index. | ||
| 650 | _aHome economics. | ||
| 999 |
_c358049 _d358049 |
||